000 01422nam a22003857a 4500
003 CHAP
005 20220329140445.0
008 971013s1979 r 00010 d
010 _a52227
011 _a53199
035 _a57349
040 _cCHAP
090 _aTesis
100 0 0 _aWong Romero, Raúl.
_9122490
245 _aComportamiento de las características agronómicas, índices fisiológicos y patrones del crecimiento de 50 genotipos de sorgo bajo el esquema riego-sequía
260 _aChapingo, Méx. :
_bEl autor,
_c1979
300 _a213 p.
_b; gráfs.
502 _aTesis (M.C. Esp. en Genética) -- SARH. Colegio de Postgraduados
590 _aALEPH
_b10
_c20130110
_lUCH01
_h1329
590 _aBATCH-UPD
_b10
_c20130110
_lUCH01
_h0001
590 _aBATCH-UPD
_b10
_c20130110
_lUCH01
_h0718
590 _aBATCH-UPD
_b10
_c20130409
_lUCH01
_h1936
590 _aBATCH-UPD
_b10
_c20130410
_lUCH01
_h0403
590 _aBATCH-UPD
_b10
_c20130914
_lUCH01
_h2031
590 _aCONVERSION
_b10
_c20130109
_lUCH01
_h1328
650 1 4 _aSorgo
_xEfecto en las sequías.
_9108659
650 1 4 _aSorgo
_xFisiología y morfología.
_9108671
650 1 4 _aSorgo
_xGenética.
_9108673
650 1 4 _aSorgo
_xIrrigación.
_9108688
901 _aBK
942 _cFOLL
949 _bBC
_cTES
_d-124827
_eTS1
_i57349
_si
949 _bBC
_cTES
_d33724000598421
_eTS2
_fc.2
_i57349
_sb
949 _bBC
_cTES
_d33724000598439
_eTS2
_fc.3
_i57349
_sb
999 _c52227
_d52227